00000000nam##2200000za#4500
0019.559590
003CaOODSP
00520210624172943
007cr |||||||||||
008150406|2005||||xxc|||||o    f|0| 0 eng|d
020 |a0-662-41194-3
022 |a1925-0886
040 |aCaOODSP|beng
043 |an-cn---
0861 |aH113-9/2005-2E-PDF
1101 |aCanada. |bPest Management Regulatory Agency.
24510|aImiprothrin |h[electronic resource]
260 |bHealth Canada. |c2005.
300 |a29p|btables
4901 |aProposed registration decision |x1925-0886|vPRDD2005-02
5203 |aThis Proposed Regulatory Decision Document provides a summary of data reviewed and the rationale for the proposed full registration of these products.
590 |a05-37|b2005-09-16
77508|tImiprothrine |w(CaOODSP)9.592331
7760#|tImiprothrin |w(CaOODSP)9.617479
830#0|aProposed registration decision,|x1925-0886|vPRDD2005-02|w(CaOODSP)9.504464
85640|ahttp://publications.gc.ca|qPDF|s130 KB|uhttps://publications.gc.ca/collections/Collection/H113-9-2005-2E.pdf|yPRDD2005-02